| 000 | 00369nam a2200145Ia 4500 | ||
|---|---|---|---|
| 008 | 100415s9999 xx 000 0 und d | ||
| 082 |
_b11049 _a519.502 |
||
| 100 | _aBishop,O.N | ||
| 245 | _aStatistics For Biology | ||
| 260 |
_aLONDON _c1985 _bCHAPMAN & HALL |
||
| 365 | _b0 | ||
| 630 | _aStatistics For Biology | ||
| 730 | _aStatistics For Biology | ||
| 942 | _cBOOK | ||
| 999 |
_c593972 _d593969 |
||